|
|
|
|
| LEADER |
00000nam0a2200000 4500 |
| 001 |
679582 |
| 005 |
20250408134431.0 |
| 090 |
|
|
|a 679582
|
| 100 |
|
|
|a 20250408d1979 km|y0rusy50 ca
|
| 101 |
0 |
|
|a rus
|
| 102 |
|
|
|a RU
|
| 105 |
|
|
|a a z 001yy
|
| 181 |
|
0 |
|a i
|b e
|
| 182 |
|
0 |
|a n
|
| 183 |
|
0 |
|a nc
|2 RDAcarrier
|
| 200 |
1 |
|
|a Практическое руководство по геодезии для архитектурной службы района
|f Ю. К. Неумывакин
|
| 203 |
|
|
|a Текст
|b визуальный
|c непосредственный
|
| 205 |
|
|
|a 2-е изд., перераб. и доп.
|
| 210 |
|
|
|a Москва
|c Недра
|d 1979
|
| 215 |
|
|
|a 168 с.
|c ил.
|
| 283 |
|
|
|a volume
|2 RDAcarrier
|
| 320 |
|
|
|a Список литературы: с. 152-153
|
| 606 |
|
|
|a Геодезия прикладная
|9 33992
|
| 610 |
1 |
|
|a подземные коммуникации
|
| 610 |
1 |
|
|a топографические съемки
|
| 610 |
1 |
|
|a топографические планы
|
| 610 |
1 |
|
|a застройка
|
| 610 |
1 |
|
|a сельская местность
|
| 675 |
|
|
|a 528.48
|v 4
|
| 700 |
|
1 |
|a Неумывакин
|b Ю. К.
|g Юрий Кириллович
|
| 801 |
|
0 |
|a RU
|b 63413507
|c 20250408
|
| 830 |
|
|
|a Ретро2025Каталогизация Мотырева
|
| 850 |
|
|
|a 63413507
|
| 942 |
|
|
|c BK
|